000
00248nam a2200097Ia 4500
008
230508s2010 xx 000 0 und d
041
_a
eng
100
_a
CHOUDHARY.NIRJHAR.ROY.
245
_a
WORKSHOP TECHNOLOGY
260
_b
MEDIA PROMOTERS & PU
_c
2010
999
_c
741908
_d
741908